Lens 2020's Starting XI - Statistics

General Stats
  • This quiz has been taken 824 times
    19 since last reset
  • The average score is 15 of 41
Answer Stats
Player % Correct
Brice Samba
81%
Przemysław Frankowski
81%
Facundo Medina
75%
Florian Thauvin
75%
Kevin Danso
75%
Robin Risser
69%
Deiver Machado
56%
Florian Sotoca
56%
Malang Sarr
56%
M'Bala Nzola
56%
Seko Fofana
56%
Adrien Thomasson
50%
Loïs Openda
50%
Salis Abdul Samed
50%
Samson Baidoo
50%
Jonathan Gradit
44%
Neil El Aynaoui
44%
Odsonne Édouard
44%
Wesley Saïd
44%
Ismaëlo Ganiou
38%
Massadio Haïdara
38%
Ruben Aguilar
38%
Cheick Doucouré
31%
Matthieu Udol
31%
Arnaud Kalimuendo
25%
Gaël Kakuta
25%
Jonathan Clauss
25%
Mamadou Sangare
25%
Elye Wahi
19%
Jean-Louis Leca
19%
Anass Zaroury
6%
Andy Diouf
6%
David Costa
6%
Guillaume Gillet
6%
Loïc Bade
6%
Yannick Cahuzac
6%
Aleksandar Radovanović
0%
Clément Michelin
0%
Gaëtan Robail
0%
Tony Mauricio
0%
Zakaria Diallo
0%
No matching quizzes found
Score Distribution
Percent of People with Each Score
Percentile by Number Answered
Your Score History
You have not taken this quiz since the last reset